Mac Demarco Songs - Statistics

General Stats
  • This quiz has been taken 139 times
  • The average score is 24 of 91
Answer Stats
Answer % Correct
Moonlight On The River
79%
Chamber Of Reflection
74%
This Old Dog
73%
My Kind Of Woman
69%
Another One
68%
Salad Days
65%
Heart To Heart
61%
Freaking Out The Neighborhood
60%
For The First Time
53%
My Old Man
50%
Here Comes the Cowboy
47%
On The Level
47%
Watching Him Fade Away
47%
Still Beating
45%
No Other Heart
44%
Cooking Up Something Good
42%
One Another
42%
Blue Boy
37%
Annie
35%
Brother
35%
Ode To Viceroy
35%
On The Square
34%
Rock and Roll Night Club
34%
Let Her Go
32%
Passing Out Pieces
32%
Dreaming
32%
Preoccupied
32%
Sister
32%
Treat Her Better
32%
Finally Alone
31%
Goodbye Weekend
31%
One More Love Song
31%
Robson Girl
31%
Without Me
29%
A Wolf Who Wears Sheeps Clothes
27%
K
27%
The Stars Keep On Calling My Name
27%
A Heart Like Hers
26%
My House By The Water
26%
Sherrill
26%
Nobody
24%
Boe Zaah
23%
Let My Baby Stay
23%
Still Together
23%
The Way You'd Love Her
23%
Choo Choo
21%
Little Dogs March
21%
All Of Our Yesterdays
19%
Baby You're Out
19%
Jonny's Odyssey
19%
Only You
19%
Baby Bye Bye
18%
Go Easy
18%
Hey Cowgirl
18%
Just To Put Me Down
18%
She's Really All I Need
18%
Vancouver
18%
Vancouver 2
18%
Baby's Wearing Blue Jeans
15%
Don Juan
15%
I've Been Waiting For Her
15%
Me & Mine
15%
Special K
15%
Edmonton
13%
Gualala
13%
Onion Man
13%
Skyless Moon
13%
Chicago
11%
Gualala 2
11%
Portland
11%
Portland 2
11%
Vancouver 3
11%
96. 7 the Pipe
10%
Edmonton 2
10%
European Vegas
10%
Me And Jon Hanging On
10%
Chicago 2
8%
Crescent City
8%
Dreams Of Yesterday
8%
Fish Terry
8%
I'm A Man
8%
Little Pepper
8%
One More Tear To Cry
8%
Rockaway
8%
Hachiko
6%
Hoso Boyo
6%
Peter Pickles
6%
Victoria
6%
Young Coconut
6%
106.2 Breeze Fm
5%
Moving Like Mike
5%
No matching quizzes found
Score Distribution
Percent of People with Each Score
Percentile by Number Answered
Your Score History
You have not taken this quiz